「空港」がつく高速道路施設名 - Statistics

General Stats
  • This quiz has been taken 111 times
    103 since last reset
  • The average score is 15 of 24
Answer Stats
道路 施設名 種別 % Correct
仙台東部道路 仙台空港 IC
91%
日本海東北自動車道 秋田空港 IC
91%
道央自動車道 新千歳空港 IC
90%
函館新外環状道路 函館空港 IC
87%
あぶくま高原道路 福島空港 IC
87%
広島中央フライトロード 空港 IC
82%
宮崎南バイパス 空港 ランプ
82%
釜石自動車道 花巻空港 IC
81%
日本海東北自動車道 新潟空港 IC
76%
日本海東北自動車道 庄内空港 IC
73%
秋田自動車道 大館能代空港 IC
72%
阪神高速池田線 大阪空港 出入口
69%
北近畿豊岡自動車道 但馬空港 IC
58%
関西空港自動車道 関西国際空港 IC
55%
新空港自動車道 新空港 IC
48%
首都高速羽田線 空港西 出入口
48%
首都高速湾岸線 空港中央 出入口
46%
益田道路 萩・石見空港 IC
44%
高知南国道路 高知龍馬空港 IC
44%
東九州自動車道 苅田北九州空港 IC
31%
九州自動車道 溝辺鹿児島空港 IC
31%
九州自動車道 益城熊本空港 IC
26%
東関東自動車道 茨城空港北 IC
25%
福岡都市高速空港線 空港通 出入口
21%
No matching quizzes found
Score Distribution
Percent of People with Each Score
Percentile by Number Answered
Your Score History
You have not taken this quiz since the last reset